| 000 | 00454nam a2200157Ia 4500 | ||
|---|---|---|---|
| 008 | 210716s2010 xx 000 0 und d | ||
| 020 | _a9788126525980 | ||
| 041 | _aeng | ||
| 082 | _a005.2765 NAGC | ||
| 100 | _aNagel. Christian;Evjen, Christian;Glynn, Jay;Watson, Karli;Skinner, Morgan. | ||
| 245 | _aProfessional c# 4 and .net 4. | ||
| 250 | _a1 | ||
| 260 |
_aNew Delhi _bWiley India Pvt Ltd _c2010 |
||
| 300 | _alix,1474 | ||
| 650 | _aC# Progamming | ||
| 999 |
_c191010 _d191010 |
||